Systém ARIS - vývojové trendy bakalárska práca

Guardado en:
Detalles Bibliográficos
Autor principal: Kuliffay, Peter
Autor Corporativo: Fakulta hospodárskej informatiky EU. Katedra aplikovanej informatiky
Otros Autores: Stašák, Jozef
Formato: Libro
Lenguaje:eslovaco
Publicado: Bratislava 2009
Etiquetas: Agregar Etiqueta
Sin Etiquetas, Sea el primero en etiquetar este registro!

MARC

LEADER 00000nam$a2200000$$$4500
001 0103798
005 20240319122953.9
041 0 |a slo 
044 |a SK 
245 1 0 |a Systém ARIS - vývojové trendy  |b bakalárska práca  |c Peter Kuliffay ; škol. Jozef Stašák 
264 1 |a Bratislava  |c 2009 
300 |a 27 s. 
100 1 |a Kuliffay, Peter 
700 1 |a Stašák, Jozef 
710 2 |a Fakulta hospodárskej informatiky EU. Katedra aplikovanej informatiky